000 02572nam a22003257a 4500
001 42835
003 gtgccic
005 20251022122249.0
007 ta
008 251022b gt ||||| |||| 00| 0 spa d
040 _agtgccic
_bspa
_cgtgccic
_erda
084 _0TPI-15-0077
100 1 0 _aFrendy Emilio Palma Orellana
_dIngeniero Ambiental
_eautor
245 1 0 _aServicio de agua, saneamiento básico y su relación con los objetivos de desarrollo del milenio.
_bEstudio de caso: Santa Cruz Naranjo, Santa Rosa /
_cPalma Orellana, Frendy Emilio
264 1 _aGuatemala, Guatemala :
_bUSAC, Facultad de Ingeniería ;
_c2015.-
300 _axxvi, 122 pag. :
_bil. ;
_c27 cm
336 _2rdacontenido
_aTexto
_btxt
337 _2rdamedio
_asin mediación
_bn
338 _2rdasoporte
_avolumen
_bnc
502 _aTesis Postgrado
_bMAESTRO EN INGENIERÍA PARA EL DESARROLLO MUNICIPAL
_cUSAC, Facultad de Ingeniería, Escuela de Postgrado
_d2015
_oTPI-15-0077
504 _aBibliografía pag. 87
505 _t1. MARCO REFERENCIAL
505 _t2. MARCO TEÓRICO Y CONCEPTUAL
505 _t3. PRESENTACIÓN DE RESULTADOS
505 _t4. DISCUSIÓN DE RESULTADOS
520 3 _aGuatemala, reúne las condiciones naturales favorables que le permiten contar con abundante agua para las personas, el ambiente y la productividad económica. Entre ríos y manantiales subterráneos, Guatemala, dispone al año de 97 mil millones metros cúbicos de agua, que equivalen a más de siete veces el límite de riesgo hídrico conforme al estándar internacional; de dicho volumen total anual sólo se aprovecha el 10% a nivel nacional. En el año de 1990, Guatemala, suscribe un convenio donde se compromete al cumplimiento de metas y objetivos de desarrollo a cumplirse en el año 2015. La Asamblea General de las Naciones Unidas, de la cual el Estado de Guatemala es miembro, se comprometió en el año 2000 con una agenda de desarrollo que fija objetivos a ser alcanzados en el año 2015. Ésta tomó el nombre de declaración del Milenio y los ocho objetivos allí consignados son conocidos como objetivos de desarrollo del milenio (ODM). De los ocho ODM, únicamente la meta 7C que dice reducir a la mitad, para el año 2015, el porcentaje de familias sin acceso a agua potable y servicios de saneamiento, del ODM 7 es de competencia municipal, el cual debe impulsar con el apoyo del Instituto de Fomento Municipal y el Ministerio de Salud Pública y Asistencia Social.
700 _aDr. Norman Octavio Mendoza Domínguez
_easesor
942 _2ddc
_cTPS
945 _aamlo
999 _c2381
_d2381